[Event "Kibizov Memorial 2018"]
[Site "?"]
[Date "2018.06.23"]
[Round "3.1"]
[White "Denikina, Natalia"]
[Black "Doluhanova, Evgeniya"]
[Result "0-1"]
[BlackElo "2257"]
[WhiteElo "2161"]
[LiveChessVersion "1.4.8"]

1. e4 {[%clk 1:30:57]} c5 {[%clk 1:27:10]} 2. Nc3 {[%clk 1:31:24]} Nc6
{[%clk 1:27:08]} 3. f4 {[%clk 1:31:44]} g6 {[%clk 1:27:12]} 4. Nf3
{[%clk 1:32:00]} Bg7 {[%clk 1:27:38]} 5. Bc4 {[%clk 1:32:02]} Nd4
{[%clk 1:22:46]} 6. Nxd4 {[%clk 1:25:30]} cxd4 {[%clk 1:19:28]} 7. Ne2
{[%clk 1:25:55]} a6 {[%clk 1:08:06]} 8. a4 {[%clk 1:22:37]} d5 {[%clk 1:04:18]}
9. exd5 {[%clk 1:11:56]} Nf6 {[%clk 1:00:42]} 10. Nxd4 {[%clk 1:00:11]} Nxd5
{[%clk 0:58:38]} 11. Ne2 {[%clk 0:50:18]} Bg4 {[%clk 0:57:42]} 12. O-O
{[%clk 0:40:46]} Rc8 {[%clk 0:57:53]} 13. h3 {[%clk 0:34:51]} Rxc4
{[%clk 0:27:56]} 14. hxg4 {[%clk 0:35:16]} Qc8 {[%clk 0:28:09]} 15. c3
{[%clk 0:12:30]} Qxg4 {[%clk 0:27:15]} 16. d3 {[%clk 0:12:52]} Rc6
{[%clk 0:21:40]} 17. Qb3 {[%clk 0:10:44]} Rd6 {[%clk 0:11:17]} 18. Rf3
{[%clk 0:05:26]} O-O {[%clk 0:10:52]} 19. Qxb7 {[%clk 0:03:27]} Rfd8
{[%clk 0:09:30]} 20. Qb3 {[%clk 0:02:08]} Re6 {[%clk 0:04:49]} 21. Qc2
{[%clk 0:02:30]} h5 {[%clk 0:04:20]} 22. c4 {[%clk 0:01:17]} Nb4 {[%clk 0:04:36]}
23. Qd2 {[%clk 0:01:29]} Rxd3 {[%clk 0:03:35]} 24. Rxd3 {[%clk 0:01:38]} Rxe2
{[%clk 0:02:32]} 0-1

[Event "Kibizov Memorial 2018"]
[Site "?"]
[Date "2018.06.23"]
[Round "3.2"]
[White "Eidelson, Rakhil"]
[Black "Mukhina, Jana"]
[Result "1/2-1/2"]
[BlackElo "2050"]
[WhiteElo "2080"]
[LiveChessVersion "1.4.8"]

1. d4 {[%clk 1:30:27]} Nf6 {[%clk 1:30:56]} 2. Bg5 {[%clk 1:30:49]} Ne4
{[%clk 1:31:21]} 3. Bf4 {[%clk 1:31:15]} c5 {[%clk 1:29:53]} 4. f3
{[%clk 1:31:33]} Qa5+ {[%clk 1:28:48]} 5. c3 {[%clk 1:31:48]} Nf6
{[%clk 1:29:07]} 6. Nd2 {[%clk 1:23:55]} d6 {[%clk 1:10:04]} 7. Nb3
{[%clk 1:18:38]} Qa4 {[%clk 1:02:41]} 8. e4 {[%clk 1:17:12]} Nbd7
{[%clk 0:56:45]} 9. Nh3 {[%clk 1:14:49]} e5 {[%clk 0:47:21]} 10. Be3
{[%clk 1:13:40]} Be7 {[%clk 0:46:00]} 11. Nf2 {[%clk 1:12:54]} b6
{[%clk 0:43:10]} 12. Be2 {[%clk 1:11:00]} Bb7 {[%clk 0:43:12]} 13. d5
{[%clk 1:09:45]} Nf8 {[%clk 0:25:50]} 14. Nd2 {[%clk 0:59:17]} Qxd1+
{[%clk 0:26:10]} 15. Nxd1 {[%clk 0:59:12]} Kd7 {[%clk 0:25:38]} 16. Nc4
{[%clk 0:58:55]} Ng6 {[%clk 0:24:42]} 17. g3 {[%clk 0:59:02]} Kc7
{[%clk 0:21:04]} 18. a4 {[%clk 0:59:00]} a6 {[%clk 0:18:55]} 19. O-O
{[%clk 0:57:38]} Nd7 {[%clk 0:17:36]} 20. Nf2 {[%clk 0:55:54]} h5
{[%clk 0:17:36]} 21. Kg2 {[%clk 0:56:15]} h4 {[%clk 0:16:31]} 22. b4
{[%clk 0:56:37]} hxg3 {[%clk 0:10:34]} 23. hxg3 {[%clk 0:57:05]} f5
{[%clk 0:10:19]} 24. exf5 {[%clk 0:57:10]} Ngf8 {[%clk 0:10:44]} 25. bxc5
{[%clk 0:52:24]} bxc5 {[%clk 0:10:51]} 26. Na5 {[%clk 0:51:50]} Bxd5
{[%clk 0:08:56]} 27. Rfd1 {[%clk 0:47:41]} Nb6 {[%clk 0:08:04]} 28. c4
{[%clk 0:45:12]} Bf7 {[%clk 0:07:49]} 29. Ne4 {[%clk 0:41:44]} Nfd7
{[%clk 0:05:39]} 30. Bg5 {[%clk 0:39:07]} Nf6 {[%clk 0:05:16]} 31. Nc3
{[%clk 0:37:57]} Rab8 {[%clk 0:03:16]} 32. Ra2 {[%clk 0:33:07]} Nbd7
{[%clk 0:02:01]} 33. Bxf6 {[%clk 0:30:35]} Nxf6 {[%clk 0:01:34]} 34. Nd5+
{[%clk 0:30:54]} Nxd5 {[%clk 0:00:36]} 35. cxd5 {[%clk 0:31:22]} Rh6
{[%clk 0:00:34]} 36. Bf1 {[%clk 0:26:39]} Rbh8 {[%clk 0:00:51]} 37. Kf2
{[%clk 0:27:08]} Bf6 {[%clk 0:00:37]} 38. Rb2 {[%clk 0:23:36]} Rh2+
{[%clk 0:01:03]} 39. Bg2 {[%clk 0:24:02]} Rb8 {[%clk 0:00:41]} 40. Rxb8
{[%clk 0:24:03]} Kxb8 {[%clk 0:01:10]} 41. Nc4 {[%clk 0:23:51]} Kc7
{[%clk 0:01:19]} 42. Ne3 {[%clk 0:21:33]} Bg5 {[%clk 0:01:18]} 43. Ng4
{[%clk 0:21:11]} Rh8 {[%clk 0:01:41]} 44. Bf1 {[%clk 0:21:19]} Be8
{[%clk 0:00:45]} 45. Bxa6 {[%clk 0:19:24]} Bxa4 {[%clk 0:01:06]} 46. Rb1
{[%clk 0:13:57]} Rb8 {[%clk 0:01:32]} 47. Rxb8 {[%clk 0:14:24]} Kxb8
{[%clk 0:01:59]} 48. Ne3 {[%clk 0:14:04]} Bb3 {[%clk 0:02:02]} 49. Nc4
{[%clk 0:13:28]} Ka7 {[%clk 0:00:34]} 50. Bb5 {[%clk 0:10:41]} Bxc4
{[%clk 0:00:54]} 1/2-1/2

[Event "Kibizov Memorial 2018"]
[Site "?"]
[Date "2018.06.23"]
[Round "3.3"]
[White "Grigorieva, Yulia"]
[Black "Prudnikova, Svetlana"]
[Result "0-1"]
[BlackElo "2252"]
[WhiteElo "2035"]
[LiveChessVersion "1.4.8"]

1. d4 {[%clk 1:30:58]} Nf6 {[%clk 1:30:55]} 2. c4 {[%clk 1:31:23]} e6
{[%clk 1:31:16]} 3. Nf3 {[%clk 1:29:46]} b6 {[%clk 1:30:41]} 4. e3
{[%clk 1:27:24]} Bb7 {[%clk 1:30:31]} 5. Bd3 {[%clk 1:24:15]} d5 {[%clk 1:29:55]}
6. cxd5 {[%clk 1:21:34]} exd5 {[%clk 1:29:28]} 7. O-O {[%clk 1:21:08]} Bd6
{[%clk 1:29:35]} 8. Nc3 {[%clk 1:18:26]} a6 {[%clk 1:29:19]} 9. b3
{[%clk 1:17:36]} Nbd7 {[%clk 1:26:45]} 10. Bb2 {[%clk 1:12:35]} O-O
{[%clk 1:26:59]} 11. Rc1 {[%clk 1:09:46]} Qe7 {[%clk 1:24:43]} 12. Ne2
{[%clk 1:04:20]} Ne4 {[%clk 1:22:25]} 13. Nd2 {[%clk 0:55:07]} f5
{[%clk 1:20:28]} 14. f4 {[%clk 0:48:15]} Nxd2 {[%clk 1:08:33]} 15. Qxd2
{[%clk 0:48:39]} Rae8 {[%clk 1:08:03]} 16. Rf3 {[%clk 0:42:46]} g6
{[%clk 1:03:05]} 17. Re1 {[%clk 0:38:00]} Nf6 {[%clk 0:55:16]} 18. Bb1
{[%clk 0:29:59]} a5 {[%clk 0:48:06]} 19. Kh1 {[%clk 0:22:40]} Ba6
{[%clk 0:45:27]} 20. Ng1 {[%clk 0:21:08]} Ng4 {[%clk 0:26:04]} 21. h3
{[%clk 0:14:23]} Nf6 {[%clk 0:23:42]} 22. Rf2 {[%clk 0:12:32]} Ne4
{[%clk 0:19:36]} 23. Bxe4 {[%clk 0:12:53]} fxe4 {[%clk 0:15:27]} 24. Rc1
{[%clk 0:06:46]} Qh4 {[%clk 0:12:02]} 25. Kh2 {[%clk 0:03:55]} g5
{[%clk 0:08:25]} 26. g3 {[%clk 0:02:55]} gxf4 {[%clk 0:08:29]} 27. gxf4
{[%clk 0:02:01]} Kh8 {[%clk 0:08:33]} 28. Qe1 {[%clk 0:00:52]} Rg8
{[%clk 0:05:31]} 29. Rg2 {[%clk 0:00:46]} Rxg2+ {[%clk 0:05:46]} 30. Kxg2
{[%clk 0:01:11]} Rg8+ {[%clk 0:06:11]} 31. Kh2 {[%clk 0:00:40]} Bxf4+
{[%clk 0:04:12]} 32. exf4 {[%clk 0:00:36]} Qxf4+ {[%clk 0:04:41]} 33. Kh1
{[%clk 0:01:00]} e3 {[%clk 0:05:06]} 34. Rc2 {[%clk 0:00:35]} Qe4+
{[%clk 0:05:11]} 35. Nf3 {[%clk 0:00:55]} Qxf3+ {[%clk 0:04:36]} 36. Kh2
{[%clk 0:01:21]} Qf4+ {[%clk 0:05:03]} 37. Kh1 {[%clk 0:01:46]} Qe4+
{[%clk 0:05:27]} 0-1

[Event "Kibizov Memorial 2018"]
[Site "?"]
[Date "2018.06.23"]
[Round "3.4"]
[White "Filippova, Darya"]
[Black "Borsuk, Angela"]
[Result "1/2-1/2"]
[BlackElo "2147"]
[WhiteElo "1938"]
[LiveChessVersion "1.4.8"]

1. c4 {[%clk 1:30:58]} d6 {[%clk 1:30:44]} 2. Nc3 {[%clk 1:31:06]} e5
{[%clk 1:29:29]} 3. g3 {[%clk 1:29:58]} Nf6 {[%clk 1:28:17]} 4. Nf3
{[%clk 1:25:47]} c6 {[%clk 1:27:59]} 5. Qc2 {[%clk 1:23:43]} Bg4 {[%clk 1:26:57]}
6. Bg2 {[%clk 1:21:24]} Be7 {[%clk 1:25:43]} 7. O-O {[%clk 1:15:35]} O-O
{[%clk 1:20:03]} 8. Rd1 {[%clk 1:11:21]} Nbd7 {[%clk 1:13:42]} 9. d4
{[%clk 1:06:49]} Qc7 {[%clk 1:13:47]} 10. b3 {[%clk 1:01:46]} Rfe8
{[%clk 1:11:55]} 11. Bb2 {[%clk 0:58:04]} Bf8 {[%clk 1:12:04]} 12. Nh4
{[%clk 0:50:02]} a6 {[%clk 1:09:34]} 13. Rd2 {[%clk 0:46:32]} a5 {[%clk 1:02:19]}
14. Nf5 {[%clk 0:43:07]} exd4 {[%clk 0:53:16]} 15. Nxd4 {[%clk 0:41:14]} Nc5
{[%clk 0:53:11]} 16. Re1 {[%clk 0:35:55]} Rad8 {[%clk 0:49:26]} 17. e4
{[%clk 0:28:01]} d5 {[%clk 0:48:24]} 18. cxd5 {[%clk 0:27:08]} cxd5
{[%clk 0:48:48]} 19. f3 {[%clk 0:24:26]} dxe4 {[%clk 0:47:10]} 20. Nxe4
{[%clk 0:22:18]} Nfxe4 {[%clk 0:47:16]} 21. Rxe4 {[%clk 0:21:05]} Rxe4
{[%clk 0:46:38]} 22. fxe4 {[%clk 0:21:33]} Qb6 {[%clk 0:46:46]} 23. Kh1
{[%clk 0:20:12]} Re8 {[%clk 0:44:25]} 24. h3 {[%clk 0:16:35]} Qh6
{[%clk 0:44:01]} 25. Nf5 {[%clk 0:14:31]} Bxf5 {[%clk 0:36:20]} 26. exf5
{[%clk 0:14:59]} Qg5 {[%clk 0:36:41]} 27. Re2 {[%clk 0:14:01]} Rxe2
{[%clk 0:33:14]} 28. Qxe2 {[%clk 0:14:30]} Qxg3 {[%clk 0:32:57]} 29. Be5
{[%clk 0:12:40]} Qg5 {[%clk 0:31:56]} 30. f6 {[%clk 0:09:15]} gxf6
{[%clk 0:31:29]} 31. Bd4 {[%clk 0:08:18]} h5 {[%clk 0:27:29]} 32. Qe3
{[%clk 0:07:12]} Ne6 {[%clk 0:25:09]} 33. Bb6 {[%clk 0:06:33]} Qxe3
{[%clk 0:21:47]} 34. Bxe3 {[%clk 0:06:55]} Bc5 {[%clk 0:22:12]} 35. Bd2
{[%clk 0:06:30]} b6 {[%clk 0:22:21]} 36. Bf3 {[%clk 0:06:14]} h4 {[%clk 0:21:56]}
37. Be1 {[%clk 0:05:32]} Nd4 {[%clk 0:19:06]} 38. Bd1 {[%clk 0:05:29]} Nf5
{[%clk 0:19:04]} 39. Bg4 {[%clk 0:05:38]} Ne3 {[%clk 0:18:19]} 40. Bf3
{[%clk 0:05:12]} Kg7 {[%clk 0:12:42]} 41. Bxh4 {[%clk 0:05:25]} f5
{[%clk 0:12:56]} 42. Bf2 {[%clk 0:04:55]} Nc2 {[%clk 0:13:15]} 43. Bh4
{[%clk 0:04:01]} Kg6 {[%clk 0:13:20]} 44. Bd1 {[%clk 0:03:26]} Nb4
{[%clk 0:13:01]} 45. a4 {[%clk 0:03:47]} Nd5 {[%clk 0:11:49]} 46. Bf3
{[%clk 0:03:36]} Nf4 {[%clk 0:11:04]} 47. Kh2 {[%clk 0:03:54]} Ne6
{[%clk 0:10:12]} 48. Kg2 {[%clk 0:03:31]} f4 {[%clk 0:09:59]} 49. Be4+
{[%clk 0:02:10]} f5 {[%clk 0:10:19]} 50. Bd5 {[%clk 0:02:22]} Nc7
{[%clk 0:09:50]} 51. Bc4 {[%clk 0:02:39]} Ne8 {[%clk 0:10:12]} 52. Kf3
{[%clk 0:02:43]} Be3 {[%clk 0:10:24]} 53. Be7 {[%clk 0:02:40]} Nf6
{[%clk 0:09:42]} 54. Ke4 1/2-1/2

[Event "Kibizov Memorial 2018"]
[Site "?"]
[Date "2018.06.23"]
[Round "3.5"]
[White "Petrenko, Svetlana"]
[Black "Simakova, Elena"]
[Result "1-0"]
[BlackElo "1953"]
[WhiteElo "2188"]
[LiveChessVersion "1.4.8"]

1. e4 {[%clk 1:30:58]} c5 {[%clk 1:30:57]} 2. Nf3 {[%clk 1:31:24]} Nc6
{[%clk 1:31:23]} 3. d4 {[%clk 1:31:47]} cxd4 {[%clk 1:31:48]} 4. Nxd4
{[%clk 1:32:12]} g6 {[%clk 1:32:13]} 5. Nc3 {[%clk 1:31:37]} Bg7 {[%clk 1:32:34]}
6. Be3 {[%clk 1:32:02]} Nf6 {[%clk 1:32:51]} 7. Be2 {[%clk 1:31:05]} O-O
{[%clk 1:32:12]} 8. Nb3 {[%clk 1:29:57]} d6 {[%clk 1:30:13]} 9. O-O
{[%clk 1:27:28]} a6 {[%clk 1:26:19]} 10. a4 {[%clk 1:27:34]} Be6 {[%clk 1:26:26]}
11. f4 {[%clk 1:27:41]} Rc8 {[%clk 1:22:15]} 12. Kh1 {[%clk 1:25:50]} Na5
{[%clk 1:17:57]} 13. f5 {[%clk 1:09:22]} Bc4 {[%clk 1:13:01]} 14. Nd2
{[%clk 1:01:30]} Qc7 {[%clk 0:59:33]} 15. Bd3 {[%clk 0:53:08]} Rfd8
{[%clk 0:52:11]} 16. Qf3 {[%clk 0:50:36]} e6 {[%clk 0:35:11]} 17. Bg5
{[%clk 0:47:45]} Rf8 {[%clk 0:32:38]} 18. Qh3 {[%clk 0:46:56]} exf5
{[%clk 0:15:50]} 19. exf5 {[%clk 0:46:59]} d5 {[%clk 0:11:59]} 20. Rae1
{[%clk 0:42:40]} Qd7 {[%clk 0:03:27]} 21. fxg6 {[%clk 0:40:11]} Qxh3
{[%clk 0:01:59]} 22. gxf7+ {[%clk 0:40:29]} Rxf7 {[%clk 0:02:22]} 23. gxh3
{[%clk 0:40:56]} d4 {[%clk 0:00:56]} 24. Nce4 {[%clk 0:36:53]} Nxe4
{[%clk 0:00:56]} 25. Nxe4 {[%clk 0:37:02]} Bxd3 {[%clk 0:00:55]} 26. cxd3
{[%clk 0:37:28]} Rxf1+ {[%clk 0:00:40]} 27. Rxf1 {[%clk 0:37:56]} Rc2
{[%clk 0:00:36]} 28. Nf6+ {[%clk 0:36:50]} Bxf6 {[%clk 0:00:40]} 29. Rxf6
{[%clk 0:36:58]} Kg7 {[%clk 0:00:38]} 30. Rb6 {[%clk 0:37:17]} Rc7
{[%clk 0:00:35]} 31. Bf6+ {[%clk 0:35:49]} Kf7 {[%clk 0:00:58]} 32. Bxd4
{[%clk 0:36:09]} Nc6 {[%clk 0:00:45]} 33. Bc3 {[%clk 0:36:05]} Ke6
{[%clk 0:00:40]} 34. Kg2 {[%clk 0:33:25]} Kd5 {[%clk 0:00:59]} 35. a5
{[%clk 0:31:59]} Rf7 {[%clk 0:00:52]} 36. h4 {[%clk 0:31:51]} Kc5
{[%clk 0:00:36]} 37. b4+ {[%clk 0:30:25]} Kd5 {[%clk 0:00:49]} 38. b5
{[%clk 0:30:30]} axb5 {[%clk 0:00:41]} 39. Rxb5+ {[%clk 0:30:57]} Kd6
{[%clk 0:00:46]} 40. h5 {[%clk 0:30:28]} Nd8 {[%clk 0:00:32]} 41. Bb4+
{[%clk 0:26:56]} Kc7 {[%clk 0:00:47]} 42. Rc5+ {[%clk 0:26:17]} Nc6
{[%clk 0:00:40]} 43. d4 {[%clk 0:25:11]} b6 {[%clk 0:00:36]} 44. Rc4
{[%clk 0:23:27]} Kb7 {[%clk 0:00:36]} 45. axb6 {[%clk 0:19:43]} Kxb6
{[%clk 0:01:01]} 46. Bd6 {[%clk 0:19:29]} Rd7 {[%clk 0:00:48]} 47. Bg3
{[%clk 0:17:20]} Rd5 {[%clk 0:00:36]} 48. Bf2 {[%clk 0:17:25]} Rg5+
{[%clk 0:00:38]} 49. Kf3 {[%clk 0:16:44]} Rf5+ {[%clk 0:00:58]} 50. Kg3
{[%clk 0:16:06]} Rg5+ {[%clk 0:00:54]} 51. Kf4 {[%clk 0:15:36]} Rg2
{[%clk 0:01:16]} 52. Kf3 {[%clk 0:14:06]} Rxh2 {[%clk 0:01:16]} 53. d5+
{[%clk 0:14:13]} Kb5 {[%clk 0:00:50]} 54. Rxc6 {[%clk 0:13:41]} Rxh5
{[%clk 0:01:03]} 55. Ke4 {[%clk 0:13:15]} Rh2 {[%clk 0:00:58]} 56. Be3
{[%clk 0:13:12]} Rh1 {[%clk 0:00:35]} 57. Rc5+ {[%clk 0:13:24]} Kb4
{[%clk 0:00:54]} 58. Rc7 {[%clk 0:13:25]} h5 {[%clk 0:00:47]} 59. d6
{[%clk 0:13:44]} Rd1 {[%clk 0:01:06]} 60. d7 {[%clk 0:13:43]} h4 {[%clk 0:00:51]}
61. Bd4 {[%clk 0:14:05]} 1-0

[Event "Kibizov Memorial 2018"]
[Site "?"]
[Date "2018.06.23"]
[Round "3.6"]
[White "Nugumanov, Bakhtiyar"]
[Black "Smorchkov, Danil"]
[Result "1-0"]
[BlackElo "2216"]
[WhiteElo "2413"]
[LiveChessVersion "1.4.8"]

1. e4 {[%clk 1:30:57]} c5 {[%clk 1:30:16]} 2. Nf3 {[%clk 1:31:14]} Nc6
{[%clk 1:30:12]} 3. d4 {[%clk 1:29:52]} cxd4 {[%clk 1:30:32]} 4. Nxd4
{[%clk 1:30:21]} g6 {[%clk 1:30:48]} 5. Nc3 {[%clk 1:30:18]} Bg7 {[%clk 1:30:36]}
6. Nb3 {[%clk 1:30:37]} Nf6 {[%clk 1:28:41]} 7. Be2 {[%clk 1:30:45]} O-O
{[%clk 1:24:02]} 8. O-O {[%clk 1:29:16]} d6 {[%clk 1:23:59]} 9. Bg5
{[%clk 1:27:34]} Be6 {[%clk 1:14:33]} 10. f4 {[%clk 1:22:48]} Rc8
{[%clk 1:07:50]} 11. Kh1 {[%clk 1:19:19]} Na5 {[%clk 0:52:56]} 12. Nd4
{[%clk 1:13:28]} Bc4 {[%clk 0:49:43]} 13. Bd3 {[%clk 1:05:41]} Qb6
{[%clk 0:46:19]} 14. Nb3 {[%clk 1:02:50]} Bxd3 {[%clk 0:35:24]} 15. cxd3
{[%clk 1:01:11]} Nxb3 {[%clk 0:35:30]} 16. axb3 {[%clk 0:59:27]} Rfe8
{[%clk 0:31:39]} 17. f5 {[%clk 0:52:52]} a6 {[%clk 0:24:56]} 18. Ra4
{[%clk 0:48:08]} Qc6 {[%clk 0:21:07]} 19. Qf3 {[%clk 0:40:23]} b5
{[%clk 0:16:06]} 20. Raa1 {[%clk 0:39:24]} Nd7 {[%clk 0:15:50]} 21. fxg6
{[%clk 0:34:23]} fxg6 {[%clk 0:16:11]} 22. Nd5 {[%clk 0:32:36]} Nf6
{[%clk 0:10:28]} 23. Rac1 {[%clk 0:28:54]} Qb7 {[%clk 0:09:11]} 24. Bxf6
{[%clk 0:27:48]} exf6 {[%clk 0:08:47]} 25. Nxf6+ {[%clk 0:26:38]} Bxf6
{[%clk 0:09:08]} 26. Qxf6 {[%clk 0:26:53]} Qd7 {[%clk 0:09:14]} 27. h3
{[%clk 0:26:32]} Rc5 {[%clk 0:05:26]} 28. b4 {[%clk 0:24:46]} Rce5
{[%clk 0:05:10]} 29. Rf4 {[%clk 0:22:23]} d5 {[%clk 0:04:26]} 30. Rc5
{[%clk 0:17:47]} R5e6 {[%clk 0:01:25]} 31. Qc3 {[%clk 0:18:04]} Qd6
{[%clk 0:01:48]} 32. Rc7 {[%clk 0:15:46]} d4 {[%clk 0:01:16]} 33. Qc1
{[%clk 0:16:15]} Qxb4 {[%clk 0:01:30]} 34. Rff7 {[%clk 0:13:14]} R8e7
{[%clk 0:00:47]} 35. Rcxe7 {[%clk 0:13:01]} Rxe7 {[%clk 0:01:12]} 36. Rf6
{[%clk 0:13:21]} Kg7 {[%clk 0:01:16]} 37. Rxa6 {[%clk 0:13:17]} Rf7
{[%clk 0:00:58]} 38. Rc6 {[%clk 0:13:08]} Qb3 {[%clk 0:00:56]} 39. Qd2
{[%clk 0:12:33]} Rf1+ {[%clk 0:00:38]} 40. Kh2 {[%clk 0:13:01]} Qd1
{[%clk 0:01:01]} 41. Rc7+ {[%clk 0:11:53]} Kg8 {[%clk 0:01:24]} 42. Rc2
{[%clk 0:08:48]} Rh1+ {[%clk 0:00:33]} 43. Kg3 {[%clk 0:09:17]} Re1
{[%clk 0:00:50]} 44. Rc8+ {[%clk 0:08:09]} Kg7 {[%clk 0:01:16]} 45. Rc7+
{[%clk 0:07:55]} Kg8 {[%clk 0:01:42]} 46. Qh6 {[%clk 0:06:56]} Qd2 1-0

[Event "Kibizov Memorial 2018"]
[Site "?"]
[Date "2018.06.23"]
[Round "3.7"]
[White "Remizov, Yaroslav"]
[Black "Tologontegin, Semetey"]
[Result "0-1"]
[BlackElo "2398"]
[WhiteElo "2308"]
[LiveChessVersion "1.4.8"]

1. e4 {[%clk 1:30:58]} c5 {[%clk 1:17:20]} 2. Nf3 {[%clk 1:31:19]} e6
{[%clk 1:17:41]} 3. d4 {[%clk 1:31:46]} cxd4 {[%clk 1:17:55]} 4. Nxd4
{[%clk 1:32:13]} a6 {[%clk 1:18:20]} 5. Nc3 {[%clk 1:21:34]} Qc7 {[%clk 1:18:33]}
6. Be2 {[%clk 1:12:51]} b5 {[%clk 1:18:22]} 7. Bf3 {[%clk 1:10:19]} Bb7
{[%clk 1:18:13]} 8. O-O {[%clk 1:06:17]} Nc6 {[%clk 1:16:05]} 9. Re1
{[%clk 1:02:55]} Ne5 {[%clk 1:10:23]} 10. Bf4 {[%clk 1:00:38]} d6
{[%clk 0:47:52]} 11. a4 {[%clk 0:54:39]} Nxf3+ {[%clk 0:38:38]} 12. Nxf3
{[%clk 0:54:21]} b4 {[%clk 0:33:46]} 13. Na2 {[%clk 0:50:33]} Nf6
{[%clk 0:34:05]} 14. Nxb4 {[%clk 0:45:20]} Bxe4 {[%clk 0:29:29]} 15. Nd2
{[%clk 0:15:41]} Bb7 {[%clk 0:28:02]} 16. Ra3 {[%clk 0:15:57]} Qa5
{[%clk 0:16:36]} 17. Rb3 {[%clk 0:04:56]} Rc8 {[%clk 0:07:28]} 18. Qe2
{[%clk 0:05:22]} Be7 {[%clk 0:05:58]} 19. Nc4 {[%clk 0:04:23]} Qc5
{[%clk 0:05:27]} 20. Ne3 {[%clk 0:04:50]} Qa5 {[%clk 0:04:03]} 21. Nc4
{[%clk 0:04:39]} Qc7 {[%clk 0:03:29]} 22. Ne3 {[%clk 0:03:35]} Ra8
{[%clk 0:02:38]} 23. Qc4 {[%clk 0:01:03]} Qd7 {[%clk 0:02:57]} 24. Bg5
{[%clk 0:00:47]} O-O {[%clk 0:02:28]} 25. Bxf6 {[%clk 0:01:01]} Bxf6
{[%clk 0:02:49]} 26. Ng4 {[%clk 0:01:24]} Be7 {[%clk 0:02:37]} 27. Rg3
{[%clk 0:01:36]} Qxa4 {[%clk 0:02:12]} 28. Qc7 {[%clk 0:00:49]} Qxb4 29. c3 Qxb2
{[%clk 0:00:55]} 30. Qxe7 {[%clk 0:01:48]} Kh8 {[%clk 0:01:24]} 31. Nh6
{[%clk 0:01:02]} Qd2 {[%clk 0:01:33]} 32. Rxe6 {[%clk 0:01:29]} Bd5 0-1

[Event "Kibizov Memorial 2018"]
[Site "?"]
[Date "2018.06.23"]
[Round "3.8"]
[White "Berzinsh, Roland"]
[Black "Sitnikov, Anton"]
[Result "1-0"]
[BlackElo "2436"]
[WhiteElo "2410"]
[LiveChessVersion "1.4.8"]

1. e4 {[%clk 1:30:50]} e6 {[%clk 1:29:19]} 2. d4 {[%clk 1:31:08]} d5
{[%clk 1:29:44]} 3. exd5 {[%clk 1:31:28]} exd5 {[%clk 1:30:08]} 4. Nf3
{[%clk 1:31:50]} c6 {[%clk 1:30:05]} 5. Bd3 {[%clk 1:25:17]} Bd6 {[%clk 1:30:28]}
6. O-O {[%clk 1:25:38]} Ne7 {[%clk 1:30:47]} 7. Re1 {[%clk 1:21:42]} Bg4
{[%clk 1:30:17]} 8. h3 {[%clk 1:20:03]} Bh5 {[%clk 1:30:39]} 9. c4
{[%clk 1:20:26]} dxc4 {[%clk 1:23:46]} 10. Bxc4 {[%clk 1:20:24]} Nd7
{[%clk 1:24:08]} 11. Nc3 {[%clk 1:17:54]} Qc7 {[%clk 1:06:48]} 12. Bg5
{[%clk 0:58:23]} Nb6 {[%clk 1:02:41]} 13. Bb3 {[%clk 0:58:45]} f6
{[%clk 0:56:58]} 14. Bh4 {[%clk 0:46:01]} Bf7 {[%clk 0:34:14]} 15. d5
{[%clk 0:33:08]} O-O-O {[%clk 0:30:06]} 16. dxc6 {[%clk 0:33:11]} Bh2+
{[%clk 0:26:53]} 17. Nxh2 {[%clk 0:33:34]} Rxd1 {[%clk 0:27:19]} 18. Bxd1
{[%clk 0:26:35]} bxc6 {[%clk 0:15:36]} 19. Bg3 {[%clk 0:24:25]} Qd7
{[%clk 0:13:21]} 20. Bg4 {[%clk 0:23:10]} f5 {[%clk 0:02:56]} 21. Ne4
{[%clk 0:23:32]} Kd8 {[%clk 0:00:59]} 22. Nc5 {[%clk 0:18:58]} Qc8
{[%clk 0:01:28]} 23. Be2 {[%clk 0:14:56]} f4 {[%clk 0:00:35]} 24. Bxf4
{[%clk 0:13:26]} h6 {[%clk 0:00:33]} 25. Bg4 {[%clk 0:11:19]} Nf5
{[%clk 0:00:50]} 26. Nf3 {[%clk 0:10:30]} Bd5 {[%clk 0:00:34]} 27. Nh4
{[%clk 0:09:16]} Rf8 {[%clk 0:00:34]} 28. Rad1 {[%clk 0:07:56]} Rf7
{[%clk 0:00:32]} 29. Nxf5 {[%clk 0:05:50]} Rxf5 {[%clk 0:01:00]} 30. Ne6+
{[%clk 0:06:11]} 1-0

[Event "Kibizov Memorial 2018"]
[Site "?"]
[Date "2018.06.23"]
[Round "3.9"]
[White "Frolov, Artiom"]
[Black "Matsenko, Andrei"]
[Result "1/2-1/2"]
[BlackElo "2299"]
[WhiteElo "2396"]
[LiveChessVersion "1.4.8"]

1. d4 {[%clk 1:23:27]} d5 {[%clk 1:30:18]} 2. Bg5 {[%clk 1:22:21]} Nf6
{[%clk 1:22:37]} 3. Nd2 {[%clk 1:21:14]} Nbd7 {[%clk 1:20:40]} 4. Ngf3
{[%clk 1:14:55]} g6 {[%clk 1:12:24]} 5. e3 {[%clk 1:13:09]} Bg7 {[%clk 1:11:07]}
6. c4 {[%clk 1:07:56]} e6 {[%clk 1:04:37]} 7. cxd5 {[%clk 0:54:06]} exd5
{[%clk 1:02:58]} 8. Rc1 {[%clk 0:53:53]} O-O {[%clk 0:58:54]} 9. b4
{[%clk 0:50:40]} a6 {[%clk 0:48:50]} 10. a4 {[%clk 0:40:01]} c6 {[%clk 0:39:27]}
11. Be2 {[%clk 0:30:53]} Qb6 {[%clk 0:35:17]} 12. b5 {[%clk 0:23:50]} axb5
{[%clk 0:32:59]} 13. axb5 {[%clk 0:24:12]} c5 {[%clk 0:33:07]} 14. dxc5
{[%clk 0:20:04]} Nxc5 {[%clk 0:33:05]} 15. O-O {[%clk 0:19:39]} Be6
{[%clk 0:30:49]} 16. Nd4 {[%clk 0:18:18]} 1/2-1/2

[Event "Kibizov Memorial 2018"]
[Site "?"]
[Date "2018.06.23"]
[Round "3.10"]
[White "Yumakhuzhin, Vadim"]
[Black "Vaseptsov, Maxim"]
[Result "0-1"]
[BlackElo "2256"]
[WhiteElo "2221"]
[LiveChessVersion "1.4.8"]

1. e4 {[%clk 1:30:58]} e5 {[%clk 1:27:06]} 2. Nf3 {[%clk 1:31:00]} Nc6
{[%clk 1:27:30]} 3. Bb5 {[%clk 1:31:26]} a6 {[%clk 1:25:50]} 4. Ba4
{[%clk 1:31:52]} g6 {[%clk 1:25:56]} 5. d4 {[%clk 1:28:36]} exd4 {[%clk 1:23:25]}
6. Bg5 {[%clk 1:28:48]} f6 {[%clk 1:17:11]} 7. Bh4 {[%clk 1:29:13]} Bg7
{[%clk 1:11:03]} 8. Nxd4 {[%clk 1:28:17]} Nge7 {[%clk 1:09:58]} 9. Nc3
{[%clk 1:17:22]} O-O {[%clk 1:07:47]} 10. O-O {[%clk 1:16:28]} Kh8
{[%clk 1:07:44]} 11. Nde2 {[%clk 1:03:55]} b5 {[%clk 1:01:34]} 12. Bb3
{[%clk 1:04:20]} Na5 {[%clk 1:01:41]} 13. f4 {[%clk 0:59:58]} Bb7
{[%clk 0:57:29]} 14. Bd5 {[%clk 0:43:25]} Nxd5 {[%clk 0:47:08]} 15. Nxd5
{[%clk 0:41:02]} Nc4 {[%clk 0:45:20]} 16. f5 {[%clk 0:18:20]} gxf5
{[%clk 0:37:29]} 17. Rf3 {[%clk 0:08:01]} fxe4 {[%clk 0:32:00]} 18. Rg3
{[%clk 0:07:12]} c6 {[%clk 0:25:50]} 19. Ndf4 {[%clk 0:05:10]} Qe8
{[%clk 0:23:25]} 20. b3 {[%clk 0:04:25]} Ne5 {[%clk 0:23:13]} 21. Nd4
{[%clk 0:03:37]} f5 {[%clk 0:22:32]} 22. Nh5 {[%clk 0:03:04]} Nf3+
{[%clk 0:20:44]} 23. Nxf3 {[%clk 0:01:25]} Qxh5 {[%clk 0:20:51]} 24. Qxd7
{[%clk 0:00:41]} Bxa1 {[%clk 0:19:08]} 25. Rh3 {[%clk 0:00:35]} Qf7
{[%clk 0:19:07]} 26. Bf6+ {[%clk 0:00:38]} Bxf6 {[%clk 0:19:31]} 0-1